BASIC MATHEMATICS (Record no. 11782)

MARC details
000 -LEADER
fixed length control field 00734nam a22002537i 4500
003 - CONTROL NUMBER IDENTIFIER
control field URS
005 - DATE AND TIME OF LATEST TRANSACTION
control field 20220117094741.0
008 - FIXED-LENGTH DATA ELEMENTS--GENERAL INFORMATION
fixed length control field 170126b xxu||||| |||| 00| 0 eng d
020 ## - INTERNATIONAL STANDARD BOOK NUMBER
International Standard Book Number 9789719905124
040 ## - CATALOGING SOURCE
Description conventions rda
Transcribing agency COLLEGE
Language of cataloging eng
050 00 - LIBRARY OF CONGRESS CALL NUMBER
Classification number QA39.3
Item number P14 2013
100 1# - MAIN ENTRY--PERSONAL NAME
Personal name PAGALA, RENANTE C.,
Relator term author
245 10 - TITLE STATEMENT
Title BASIC MATHEMATICS
Statement of responsibility, etc. PAGALA, RENANTE C.
264 #1 - PRODUCTION, PUBLICATION, DISTRIBUTION, MANUFACTURE, AND COPYRIGHT NOTICE
Place of production, publication, distribution, manufacture MANILA
Name of producer, publisher, distributor, manufacturer MINDSHAPERS CO., INC.
Date of production, publication, distribution, manufacture, or copyright notice 2013
300 ## - PHYSICAL DESCRIPTION
Extent x, 320 pages
Other physical details illustrationss
Dimensions 25.3 cm
336 ## - CONTENT TYPE
Source rdacontent
Content type term text
337 ## - MEDIA TYPE
Source rdamedia
Media type term unmediated
338 ## - CARRIER TYPE
Source rdacarrier
Carrier type term volume
500 ## - GENERAL NOTE
General note includes references
650 ## - SUBJECT ADDED ENTRY--TOPICAL TERM
Topical term or geographic name entry element mathematics
650 ## - SUBJECT ADDED ENTRY--TOPICAL TERM
Topical term or geographic name entry element mathematics-problems, exercises
650 ## - SUBJECT ADDED ENTRY--TOPICAL TERM
Topical term or geographic name entry element mathematics--textbooks
942 ## - ADDED ENTRY ELEMENTS (KOHA)
Source of classification or shelving scheme Library of Congress Classification
Koha item type Filipiniana
Holdings
Withdrawn status Source of classification or shelving scheme Damaged status Not for loan Collection code Home library Current library Shelving location Date acquired Total Checkouts Full call number Barcode Date last seen Price effective from Koha item type
  Library of Congress Classification     Non-fiction Rodriguez College Library Rodriguez College Library Reference 01/26/2017   QA39.3 P14 2013 URSROD-4082 01/26/2017 01/26/2017 Filipiniana
  Library of Congress Classification     Non-fiction Rodriguez College Library Rodriguez College Library Reference 01/26/2017   QA39.3 P14 2013 URSROD-4083 01/26/2017 01/26/2017 Filipiniana

University of Rizal System
Email us at univlibservices@urs.edu.ph

Visit our Website www.urs.edu.ph/library